| 000 | 00342 a2200157 4500 | ||
|---|---|---|---|
| 001 | 63697 | ||
| 082 | _a620.1054PYT | ||
| 090 |
_c37687 _d37687 |
||
| 100 | _aPytel,A. | ||
| 245 | _aEngineering Mechanics Dynamics | ||
| 250 | _a2 | ||
| 260 |
_bThmson Learning _c2001 |
||
| 300 | _axi,622p. | ||
| 500 | _aDynamics | ||
| 520 | _aDynamics | ||
| 942 |
_aNUST-CAE _k620.1054PYT |
||
| 999 |
_c298770 _d298770 |
||